000 00648nam a2200265Ia 4500
005 20260306163938.0
008 008 260114s9999 xx 000 0 eng d
020 _a9781479818235
037 _aEBOOK
040 _aCRL
040 _beng
040 _cCRL
041 _2eng
041 _aeng
084 _qCRL
100 _aGrunewald
_91129685
245 0 _aNarratives Of Guilt And Innocence: The Power Of Storytelling In Wrongful Conviction Cases
260 _bNYU Press
260 _c2024
650 _aLaw
856 _uhttps://academic.oup.com/book/55845
942 _cEBOOK
999 _c1712127
_d1712127